000 00778nam a22001457a 4500
999 _c527395
_d527395
008 240828b ||||| |||| 00| 0 eng d
100 _aGupta, Krishna Kumar
_957556
245 _aUnion budget FY-25 and the cooperative sector: Key reflections
260 _aThe Cooperator
300 _a63(2), Aug, 2024: p.14-17
520 _aUnion budget FY 2024-24 highlights congruence of the spirit of the interim budget presstied by the Union finance minister in February 2024, before the commencement of elections. The budget lays emphasis on growth momentum. productivity enhancement and employment generation with a seers of fiscal prudence, policy contraption and no-political pluralism. – Reproduced
773 _aThe Cooperator
906 _aCO-OPERATIVES
942 _cAR